| 000 | 011200000a22002050004500 | ||
|---|---|---|---|
| 082 | 0 | 4 | _aG 232 L18c |
| 100 | 1 | _aLawton, John Stewart | |
| 245 | 1 | 0 | _aConflict in christology : A study of British and American christology, from 1889-1914 / John Stewart Lawton |
| 260 | _aLondon : SPCK | ||
| 300 | _a331 páginas | ||
| 501 | _aPasta dura | ||
| 504 | _aIncluye bibliografía (p. 325-331) | ||
| 505 | 0 | 0 | _aConflicto en la cristología - Presuposiciones e influencias - La colisión y el colapso de la ortodoxia - La evidencia del evangelio para el conocimiento de nuestro Señor - Sobre el conocimiento y la autoridad de Cristo - La teoría de "kenosis" - La conciencia de Jesús - El divorcio de la teología de la historia - Inmanentismo, el idealismo y "la nueva teología " - Personalidad e individualidad - La solución teocéntrica - La solución antropocéntrica - La solución neo-antioquena |
| 650 | 1 | 4 | _aCristología - evidencias \ Jesucristo \ Fundamentos |
| 001 | 20193 | ||
| 942 | _cBK | ||
| 999 |
_c46546 _d46546 |
||
| 336 |
_atexto _btxt _2rdacontent |
||
| 337 |
_2rdamedia _asin mediación _bn |
||
| 338 |
_2rdacarrier _avolumen _bnc |
||